| 000 | 00490cam a2200193ua 4500 | ||
|---|---|---|---|
| 020 | _c10.00 | ||
| 041 |
_aeng _h |
||
| 082 |
_a320.1 _bMAD/ST |
||
| 100 | _aMaddox, Russell.W . | ||
| 245 |
_aState and local government / _cW.Russell Maddox. _hTextual Documents |
||
| 250 |
_a1 / _b. |
||
| 260 |
_aNew Delhi : _bD.Van nostrant co.Toronto , _c1965. |
||
| 300 | _a711 ; . | ||
| 365 | _a10.00 | ||
| 504 | _a | ||
| 700 | 1 | _aFuquey, Robert.F . | |
| 942 | _cBK | ||
| 999 |
_c1714 _d1714 |
||